| 000 | 00558nam a22001817a 4500 | ||
|---|---|---|---|
| 005 | 20240828111304.0 | ||
| 010 | _aENG-141488 | ||
| 020 |
_c150.00 _a9789352969401 |
||
| 035 | _aEN-125025 | ||
| 037 | _bDBAD | ||
| 082 | _a921 | ||
| 100 |
_aSharma, Himanshu _970617 |
||
| 245 |
_aVeer Tanaji Malusare : _bGreat Maratha Warrior / _cby Himanshu Sharma |
||
| 260 |
_aDelhi _bDiamond Pocket Books Pvt Ltd _c2019 |
||
| 270 |
_b Delhi _aX-30, Okhla Industrial Area, Phase-II _e110020 |
||
| 300 |
_a64p. _c22 cm(Pb) |
||
| 942 |
_2ddc _cEN _h921 _mSHA |
||
| 999 |
_c205323 _d205323 |
||